<?xml version="1.0" encoding="UTF-8"?>
<collection xmlns="http://www.loc.gov/MARC21/slim">
<record>
  <controlfield tag="001">133077</controlfield>
  <controlfield tag="005">20241125101143.0</controlfield>
  <datafield tag="024" ind1="7" ind2=" ">
    <subfield code="2">doi</subfield>
    <subfield code="a">10.3390/d15030400</subfield>
  </datafield>
  <datafield tag="024" ind1="8" ind2=" ">
    <subfield code="2">sideral</subfield>
    <subfield code="a">137841</subfield>
  </datafield>
  <datafield tag="037" ind1=" " ind2=" ">
    <subfield code="a">ART-2023-137841</subfield>
  </datafield>
  <datafield tag="041" ind1=" " ind2=" ">
    <subfield code="a">eng</subfield>
  </datafield>
  <datafield tag="100" ind1=" " ind2=" ">
    <subfield code="a">González, Mikel A.</subfield>
  </datafield>
  <datafield tag="245" ind1=" " ind2=" ">
    <subfield code="a">First Record of Phlebotomus (Larroussius) perfiliewi (Diptera: Psychodidae), Vector of Leishmania infantum and Phleboviruses, in Spain</subfield>
  </datafield>
  <datafield tag="260" ind1=" " ind2=" ">
    <subfield code="c">2023</subfield>
  </datafield>
  <datafield tag="506" ind1="0" ind2=" ">
    <subfield code="a">Access copy available to the general public</subfield>
    <subfield code="f">Unrestricted</subfield>
  </datafield>
  <datafield tag="520" ind1="3" ind2=" ">
    <subfield code="a">Phlebotomine sand flies are vectors of several diseases of importance for public health, including leishmaniosis, bartonellosis, and sand fly fevers. An entomological survey on blood-feeding Diptera was conducted in June–November 2020–2021 to know the diversity of insect vectors in Mallorca (Balearic Islands, Spain). Among the vectors collected, Phlebotomus (Larroussius) perfiliewi Parrot, 1930 was found being the first record of this species in Spain. Phlebotomus perfiliewi s.l. is one of the main vectors of Leishmania infantum in the Mediterranean Basin and Central Asia. The identification of this species was confirmed by both morphological features and DNA barcoding. Phylogenetic analyses showed that the specimens captured were Ph. perfiliewi s.s. (99.85–100% homologues from Italy and Algeria specimens), with a sequence divergence of 0.17%. The cytochrome c oxidase subunit I gene clearly separates the three species that make up the Ph. perfiliewi species complex. In addition, we also provide a brief discussion about their identification remarks, phylogenetic relationships, and vector status.</subfield>
  </datafield>
  <datafield tag="540" ind1=" " ind2=" ">
    <subfield code="9">info:eu-repo/semantics/openAccess</subfield>
    <subfield code="a">by</subfield>
    <subfield code="u">http://creativecommons.org/licenses/by/3.0/es/</subfield>
  </datafield>
  <datafield tag="590" ind1=" " ind2=" ">
    <subfield code="a">2.1</subfield>
    <subfield code="b">2023</subfield>
  </datafield>
  <datafield tag="591" ind1=" " ind2=" ">
    <subfield code="a">BIODIVERSITY CONSERVATION</subfield>
    <subfield code="b">30 / 75 = 0.4</subfield>
    <subfield code="c">2023</subfield>
    <subfield code="d">Q2</subfield>
    <subfield code="e">T2</subfield>
  </datafield>
  <datafield tag="591" ind1=" " ind2=" ">
    <subfield code="a">ECOLOGY</subfield>
    <subfield code="b">100 / 197 = 0.508</subfield>
    <subfield code="c">2023</subfield>
    <subfield code="d">Q3</subfield>
    <subfield code="e">T2</subfield>
  </datafield>
  <datafield tag="592" ind1=" " ind2=" ">
    <subfield code="a">0.585</subfield>
    <subfield code="b">2023</subfield>
  </datafield>
  <datafield tag="593" ind1=" " ind2=" ">
    <subfield code="a">Agricultural and Biological Sciences (miscellaneous)</subfield>
    <subfield code="c">2023</subfield>
    <subfield code="d">Q1</subfield>
  </datafield>
  <datafield tag="593" ind1=" " ind2=" ">
    <subfield code="a">Ecology</subfield>
    <subfield code="c">2023</subfield>
    <subfield code="d">Q2</subfield>
  </datafield>
  <datafield tag="593" ind1=" " ind2=" ">
    <subfield code="a">Nature and Landscape Conservation</subfield>
    <subfield code="c">2023</subfield>
    <subfield code="d">Q2</subfield>
  </datafield>
  <datafield tag="593" ind1=" " ind2=" ">
    <subfield code="a">Ecological Modeling</subfield>
    <subfield code="c">2023</subfield>
    <subfield code="d">Q2</subfield>
  </datafield>
  <datafield tag="594" ind1=" " ind2=" ">
    <subfield code="a">3.4</subfield>
    <subfield code="b">2023</subfield>
  </datafield>
  <datafield tag="655" ind1=" " ind2="4">
    <subfield code="a">info:eu-repo/semantics/article</subfield>
    <subfield code="v">info:eu-repo/semantics/publishedVersion</subfield>
  </datafield>
  <datafield tag="700" ind1=" " ind2=" ">
    <subfield code="a">Ruiz-Arrondo, Ignacio</subfield>
    <subfield code="u">Universidad de Zaragoza</subfield>
    <subfield code="0">(orcid)0000-0001-8198-8118</subfield>
  </datafield>
  <datafield tag="700" ind1=" " ind2=" ">
    <subfield code="a">Gutiérrez-López, Rafael</subfield>
  </datafield>
  <datafield tag="700" ind1=" " ind2=" ">
    <subfield code="a">Barceló, Carlos</subfield>
  </datafield>
  <datafield tag="700" ind1=" " ind2=" ">
    <subfield code="a">Miranda, Miguel A.</subfield>
  </datafield>
  <datafield tag="710" ind1="2" ind2=" ">
    <subfield code="1">1009</subfield>
    <subfield code="2">773</subfield>
    <subfield code="a">Universidad de Zaragoza</subfield>
    <subfield code="b">Dpto. Patología Animal</subfield>
    <subfield code="c">Área Sanidad Animal</subfield>
  </datafield>
  <datafield tag="773" ind1=" " ind2=" ">
    <subfield code="g">15, 3 (2023), 400 [9 pp.]</subfield>
    <subfield code="p">Diversity</subfield>
    <subfield code="t">Diversity</subfield>
    <subfield code="x">1424-2818</subfield>
  </datafield>
  <datafield tag="856" ind1="4" ind2=" ">
    <subfield code="s">8577435</subfield>
    <subfield code="u">http://zaguan.unizar.es/record/133077/files/texto_completo.pdf</subfield>
    <subfield code="y">Versión publicada</subfield>
  </datafield>
  <datafield tag="856" ind1="4" ind2=" ">
    <subfield code="s">2699749</subfield>
    <subfield code="u">http://zaguan.unizar.es/record/133077/files/texto_completo.jpg?subformat=icon</subfield>
    <subfield code="x">icon</subfield>
    <subfield code="y">Versión publicada</subfield>
  </datafield>
  <datafield tag="909" ind1="C" ind2="O">
    <subfield code="o">oai:zaguan.unizar.es:133077</subfield>
    <subfield code="p">articulos</subfield>
    <subfield code="p">driver</subfield>
  </datafield>
  <datafield tag="951" ind1=" " ind2=" ">
    <subfield code="a">2024-11-22-12:03:31</subfield>
  </datafield>
  <datafield tag="980" ind1=" " ind2=" ">
    <subfield code="a">ARTICLE</subfield>
  </datafield>
</record>
</collection>